000
00213 a2200097 4500
001
4298
100
_a
Williams,E.M
245
_a
Electrical engineering problems
260
_a
_b
Mcgrawhill
_c
090
_c
3514
_d
3514
942
_a
NUST-CAE
_c
M
_c
27936
999
_c
239371
_d
239371